| 000 | 01106pam a2200337 a 4500 | ||
|---|---|---|---|
| 999 |
_c1630 _d1630 |
||
| 001 | 015715553 | ||
| 003 | Uk | ||
| 005 | 20230116120931.0 | ||
| 008 | 101208r20112006enka j 000|1 eng|d | ||
| 015 |
_aGBB0E7941 _2bnb |
||
| 016 | 7 |
_a015715553 _2Uk |
|
| 020 | _a9780198486572 : | ||
| 040 |
_aStDuBDS _beng _cStDuBDS _dUk _dKH8 |
||
| 042 | _aukblsr | ||
| 082 | 0 | 4 |
_a428.6 RID _223 |
| 100 | 1 |
_aRider, Cynthia. _eauthor |
|
| 245 | 1 | 0 |
_aTrapped! / _cwritten by Cynthia Rider ; based on the original characters created by Roderick Hunt and Alex Brycha ; illustrated by Alex Brychta. |
| 260 |
_aOxford : _bOxford University Press, _c2011, c2006. |
||
| 300 |
_a28 p. : _bcol. ill. ; _c18 cm. |
||
| 336 |
_atext _2rdacontent |
||
| 337 |
_aunmediated _2rdamedia |
||
| 338 |
_avolume _2rdacarrier |
||
| 490 | 0 | _aRead with Biff, Chip & Kipper. First stories, Level 5 | |
| 500 | _aOriginally published: 2006. | ||
| 500 |
_aFormerly CIP. _5Uk |
||
| 655 | 0 | _aReaders (Elementary) | |
| 655 | 0 | _aChildren's stories. | |
| 700 | 1 |
_aHunt, Roderick. _eauthor |
|
| 700 | 1 |
_aBrychta, Alex. _eauthor |
|
| 942 |
_2ddc _cNFIC |
||